000 00590nam a2200193Ii 4500
003 JO-AjNU
008 230605s9999||||xx |||||||||||||| ||und||
040 _aJO-AjNU
_bara
_erda
_cJO-AjNU
041 _aara
050 1 4 _aHB881.W2.1984
100 3 _aوهيبة،عبدالفتاح محمد,
_eauthor
_917810
245 0 0 _aفي جغرافية السكان
264 3 1 _aبيروت:دار النهضة العربية،1984
300 _a327ص
336 _atext
_btxt
_2rdacontent
337 _aunmediated
_bn
_2rdamedia
338 _avolume
_bnc
_2rdacarrier
650 4 _aالسكان
_917811
999 _aA5580
_c9148
_d9148